00503nam a2200193 a 4500001001300000003000900013005001700022008004100039020001000080082001800090100002600108245003000134260003100164300001000195500003500205505001500240650002800255700002600283nice12345678IN_TiNIC20260116012542.0050524s1909 kana grp 000 0 ara  ac10000a297.1224bABD aAbdul Wahed, Mohammad aKafiahb Ma` Sharah Farsi aKanpurbNizami Pressc1909 a120p. aincludes index and biblioraphy2 aUrdu-Roman aQuran-Textual Criticism1 aAbdul Wahed, Mohammad